000 00375nam a2200169Ia 4500
008 210210b1907 xxu||||| |||| 00| 0 eng d
041 _aeng
082 _a430/33
100 _aSALLUST
245 _aCatiline (Neatby and Hayes)
260 _aLondon
_bW B Clive
_c1907
300 _a200
650 _aHayes)
650 _aCatiline
650 _a(Neatby
906 _a006175
999 _c128270
_d128270